|
|
|
|
| LEADER |
00000nam a22000007a 4500 |
| 005 |
20200723233140.0 |
| 007 |
cr|||| |||| |
| 008 |
200723s2014 br |||||s|||| 00||0 por d |
| 020 |
|
|
|a 978-85-8248-042-7
|
| 035 |
|
|
|a 31880
|
| 040 |
|
|
|a vLex
|
| 090 |
|
|
|c 10705
|d 10705
|
| 100 |
1 |
|
|a Jn︢ior, Wilton Vieira
|
| 245 |
1 |
1 |
|a O dia a dia do Oficial de Justiȧ
|h [Recurso electrn̤ico] /
|c Wilton Vieira Jn︢ior
|
| 256 |
|
|
|a Servicio en ln̕ea
|
| 260 |
|
|
|a San Pablo:
|b Letras Jurídicas Editora,
|c 2014
|
| 300 |
|
|
|a 1 recurso electrn̤ico
|
| 500 |
|
|
|a O dia-a-dia do oficial de justiȧ ̌um livro idealizado para retratar a rotina de trabalho do auxiliar do juz̕o, pincelando todos os tipos de mandados, de aė̳s, as regie̳s; alm̌ de mencionar como devem ser feitos os atos e ordens judiciais. Aborda ainda, alguns itens como: valor das dilign̊cias, normas de conduta e procedimentos, incentivando aqueles que desejam ingressar na carreira e orientando os que j ̀desempenham o ofc̕io. Tambm̌ faz parte da obra alguns episd̤ios inusitados (pitorescos) pelos quais atravessamos na funȯ̂ laboral. Um guia simples e objetivo para os veteranos da profissô e uma porta para os calouros que desejam ingressar e trilhar na carreira de oficial de justiȧ no pas̕.
|
| 506 |
1 |
|
|a Disponible solo en los productos indicados
|d vLex Global
|d vLex Global (Academic Edition, excluding Law Schools)
|d vLex Global (U.S. Academic Edition, Law Schools)
|d vLex Global (U.S. Academic Edition, excluding Law Schools)
|d vLex Global (Academic Edition, Law Schools)
|
| 650 |
0 |
4 |
|a Servicios pb︢licos
|z Brasil
|
| 740 |
0 |
|
|a vLex Libros (Servicio en ln̕ea)
|
| 856 |
4 |
0 |
|u http://vlex.com/source/dia-a-dia-do-oficial-de-justi-a-31880
|z Acceso restringido
|
| 942 |
|
|
|c BOOK
|
| 999 |
0 |
|
|a Public services
|